000 00817nam a22002417a 4500
999 _c489
_d489
003 AR-CdUCM
008 190223b ||||| |||| 00| 0 spa d
020 _a8426122647
040 _aMUNICIPALIDAD PROVINCIAL DEL CUSCO
_cBIBLIOTECA MUNICIPAL DEL CUSCO
041 _heng
082 _21ed.
_a973.09 /
_bSN62
100 _aSnipes, Katherine
_91917
245 _aRobert Penn Warren :
_b(Traduccion de Victor Pozanco) /
_cVictor Pozanco (Traductor) ; Katherine, Snipes
260 _aEspaña :
_bJuventud,
_c1987.
300 _a201 páginas ;
_c22.3 cm.
505 _aRobert Warren -- Poesia Norteamericana -- Estados Unidos...
650 _aPoesia Norteamericana
_91918
650 _aRobert Warren
_91919
650 _aEstados Unidos
_91805
700 _aSnipes, Katherine
_91917
942 _2ddc
_cLIBROS
945 _artm